000 00658nam a2200229 a 4500
999 _c926
_d926
001 926
003 BD-JhCC
005 20230119134024.0
008 171011s1998 ben |||| ||a| 000 0 ben d
035 _a(BD-JhCC) 926
040 _aBD-JhCC
_dBD-JhCC
041 _aben
082 _a891.443
_bISL 1998
100 _aইসলাম, ফয়জুল
245 _aনক্ষএের ঘোড়া /
_cফয়জুল ইসলাম
260 _aঢাকা:
_bবিদ্যা প্রকাশ,
_c1998
300 _a95 p.:
_c22 cm.
650 _aBengali Novel
651 _aBangladesh
942 _2ddc
_cBK
_01